Chicago Cubs 2024 Opening Day Lineup - Statistics

General Stats
  • This quiz has been taken 129 times
  • The average score is 9 of 10
Answer Stats
Position Player % Correct
SS Dansby Swanson
97%
LF Ian Happ
97%
CF Cody Bellinger
93%
RF Seiya Suzuki
93%
1B Michael Busch
92%
SP Justin Steele
91%
2B Nico Hoerner
91%
DH Christopher Morel
80%
C Yan Gomes
79%
3B Nick Madrigal
55%
No matching quizzes found
Score Distribution
Percent of People with Each Score
Percentile by Number Answered
Your Score History
You have not taken this quiz